000
00501nam a2200181Ia 4500
008
090123s9999 xx 000 0 und d
082
_b
41314
100
_a
मनसुटे सु.दा.
245
_a
घुंगरु
250
_a
1
260
_b
अमोल प्रकाशन
_c
2007
300
_a
151
600
_a
मनसुटे सु.दा.
630
_a
घुंगरु
700
_a
मनसुटे सु.दा.
730
_a
घुंगरु
942
_c
BOOK
999
_c
79388
_d
79388